- Silva, Alexandra Lima da
Entry Nombre Personal
001 - NUMERO DE CONTROL
- campo de control: 52815
003 - IDENTIFICADOR DE NUMERO DE CONTROL
- campo de control: DLC
005 - FECHA Y HORA DE LA ÜLTIMA TRANSACCIÓN
- campo de control: 20240805094650.0
008 - DATOS DE LONGITUD FIJA
- campo de control de longitud fija: 180913nn acnnnaabn |a aaa
010 ## - NÚMERO DE CONTROL DE LA BIBLIOTECA DEL CONGRESO
- Número de control LC: n 2018251499
024 7# - OTROS IDENTIFICADORES NORMALIZADOS
- Número normalizado o código: 18153713825458661978
- Fuente: viaf
035 ## - NUMERO DE CONTROL
- Número de control: (Uk)010316581
035 ## - NUMERO DE CONTROL
- Número de control: (OCoLC)oca11549415
040 ## - FUENTE DE CATALOGACIÓN
- Agencia original de catalogación: DLC
- Lenguaje de catalogación: spa
- Description conventions: rda
- Agencia de transcripción: DLC
- Agencia que lo modifica: NN
- Agencia que lo modifica: Uk
- Agencia que lo modifica: IEN
- Agencia que lo modifica: MX-MxUPN
100 1# - ENCABEZAMIENTO - NOMBRE PERSONAL
- Nombre personal: Silva, Alexandra Lima da
370 ## - LUGAR ASOCIADO
- Associated country: Brasil
- Fuente del término: bgtq
372 ## - CAMPO DE ACTIVIDAD
- Field of activity: Educación
- Field of activity: Literatura infantil
- Fuente del término: bgtq
373 ## - GRUPO ASOCIADO
- Associated group: Universidade do Estado do Rio de Janeiro
- Associated group: Universidade Federal Fluminense
- Fuente del término: naf
377 ## - LENGUA ASOCIADA
- Language code: por
400 1# - VEÁSE - NOMBRE DE PERSONA
- Personal name: Da Silva, Alexandra Lima
400 1# - VEÁSE - NOMBRE DE PERSONA
- Personal name: Lima da Silva, Alexandra
670 ## - FUENTE EN LA QUE SE LOCALIZARON DATOS
- Cita de la fuente: Escritas de viagem, escritas da história, 2018:
- Información localizada: portada (Alexandra Lima da Silva) solapa posterior (doctoral degree, education, Univ. do Estado do Rio de Janeiro (Uerj); master's degree, social history, Univ. Federal Fluminense; adjunct professor, Faculdade de Educação, UERJ)
670 ## - FUENTE EN LA QUE SE LOCALIZARON DATOS
- Cita de la fuente: Academia Website, July 7, 2021
- Información localizada: (PhD in Education from UERJ; also an author of children's books)
- Uniform Resource Identifier: https://uerj.academia.edu/AlexandraLimadaSilva
670 ## - FUENTE EN LA QUE SE LOCALIZARON DATOS
- Cita de la fuente: Sujetos en movimiento, 2018 :
- Información localizada: portada (Alexandra Lima da Silva)
902 ## - CATALOGADOR
- Catalogador: VíctorGodínez/050824
